<?xml version="1.0" encoding="UTF-8"?>
<record
    xmlns:xsi="http://www.w3.org/2001/XMLSchema-instance"
    xsi:schemaLocation="http://www.loc.gov/MARC21/slim http://www.loc.gov/standards/marcxml/schema/MARC21slim.xsd"
    xmlns="http://www.loc.gov/MARC21/slim">

  <leader>00921nam a22002297a 4500</leader>
  <controlfield tag="003">BPGM</controlfield>
  <controlfield tag="008">260408s        mx o|||| |||| 000 0 spa d</controlfield>
  <datafield tag="040" ind1=" " ind2=" ">
    <subfield code="a">BPGM</subfield>
    <subfield code="b">spa</subfield>
  </datafield>
  <datafield tag="041" ind1=" " ind2=" ">
    <subfield code="a">spa</subfield>
    <subfield code="h">spa</subfield>
  </datafield>
  <datafield tag="082" ind1="0" ind2="4">
    <subfield code="a">793.33 /</subfield>
    <subfield code="b">D342</subfield>
    <subfield code="2">PRIMERA EDICION</subfield>
  </datafield>
  <datafield tag="100" ind1=" " ind2=" ">
    <subfield code="a">DALLAL, ALBERTO</subfield>
    <subfield code="e">AUTOR</subfield>
  </datafield>
  <datafield tag="245" ind1=" " ind2=" ">
    <subfield code="a">LA DANZA MODERNA: </subfield>
    <subfield code="b">TESTIMONIOS DEL FONDO</subfield>
  </datafield>
  <datafield tag="300" ind1=" " ind2=" ">
    <subfield code="a">63 p&#xE1;ginas ;</subfield>
    <subfield code="c">18 cm x 27.1 cm</subfield>
  </datafield>
  <datafield tag="336" ind1=" " ind2=" ">
    <subfield code="2">rdacontent</subfield>
    <subfield code="a">texto</subfield>
    <subfield code="b">txt</subfield>
  </datafield>
  <datafield tag="337" ind1=" " ind2=" ">
    <subfield code="2">rdamedia</subfield>
    <subfield code="a">sin mediaci&#xF3;n</subfield>
    <subfield code="b">n</subfield>
  </datafield>
  <datafield tag="338" ind1=" " ind2=" ">
    <subfield code="2">rdacarrier</subfield>
    <subfield code="a">volumen </subfield>
    <subfield code="b">nc</subfield>
  </datafield>
  <datafield tag="505" ind1=" " ind2=" ">
    <subfield code="a">ANALIZA ESTE ENSAYO LAS RAICES DE LA DANZA -CUERPO HUMANO, MOVIMIENTO Y ESPACIO QUE LA HACEN POSIBLE- SUS IMPULSOS-NECESIDAD DE PRACTICAS Y EJERCICIOS COLECTIVOS-, Y SUS ORIGENES-PENETRACION DE RITOS QUE LA ENRIQUECEN-</subfield>
  </datafield>
  <datafield tag="650" ind1=" " ind2=" ">
    <subfield code="a">LAS ARTES  BELLAS ARTES Y LAS ARTES DECORATIVAS</subfield>
  </datafield>
  <datafield tag="650" ind1=" " ind2=" ">
    <subfield code="a">ARTES RECREATIVAS Y DE LA ACTUACION </subfield>
  </datafield>
  <datafield tag="650" ind1=" " ind2=" ">
    <subfield code="a">JUEGOS Y DIVERSIONES BAJO TECHO</subfield>
  </datafield>
  <datafield tag="942" ind1=" " ind2=" ">
    <subfield code="2">ddc</subfield>
    <subfield code="c">GENERAL</subfield>
  </datafield>
  <datafield tag="952" ind1=" " ind2=" ">
    <subfield code="0">0</subfield>
    <subfield code="1">0</subfield>
    <subfield code="2">ddc</subfield>
    <subfield code="4">0</subfield>
    <subfield code="7">2</subfield>
    <subfield code="8">GENERAL</subfield>
    <subfield code="a">BPCEFC</subfield>
    <subfield code="b">BPCEFC</subfield>
    <subfield code="c">ACCESO &#xA8;B&#xA8;PLANTA BAJA </subfield>
    <subfield code="d">2026-04-08</subfield>
    <subfield code="e">DONACION </subfield>
    <subfield code="f">ACCESO B P</subfield>
    <subfield code="l">0</subfield>
    <subfield code="o">793.33 / D342</subfield>
    <subfield code="p">27701</subfield>
    <subfield code="r">2026-04-08 21:42:58</subfield>
    <subfield code="t">EJ. 1</subfield>
    <subfield code="w">2026-04-08</subfield>
    <subfield code="y">GENERAL</subfield>
  </datafield>
  <datafield tag="952" ind1=" " ind2=" ">
    <subfield code="0">0</subfield>
    <subfield code="1">0</subfield>
    <subfield code="2">ddc</subfield>
    <subfield code="4">0</subfield>
    <subfield code="7">0</subfield>
    <subfield code="8">GENERAL</subfield>
    <subfield code="a">BPCEFC</subfield>
    <subfield code="b">BPCEFC</subfield>
    <subfield code="c">ACCESO &#xA8;B&#xA8;PLANTA BAJA </subfield>
    <subfield code="d">2026-04-08</subfield>
    <subfield code="e">DONACION </subfield>
    <subfield code="f">ACCESO B P</subfield>
    <subfield code="l">0</subfield>
    <subfield code="o">793.33 / D342</subfield>
    <subfield code="p">27702</subfield>
    <subfield code="r">2026-04-08 21:45:45</subfield>
    <subfield code="t">EJ. 2</subfield>
    <subfield code="w">2026-04-08</subfield>
    <subfield code="y">GENERAL</subfield>
  </datafield>
  <datafield tag="952" ind1=" " ind2=" ">
    <subfield code="0">0</subfield>
    <subfield code="1">0</subfield>
    <subfield code="2">ddc</subfield>
    <subfield code="4">0</subfield>
    <subfield code="7">0</subfield>
    <subfield code="8">GENERAL</subfield>
    <subfield code="a">BPCEFC</subfield>
    <subfield code="b">BPCEFC</subfield>
    <subfield code="c">ACCESO &#xA8;B&#xA8;PLANTA BAJA </subfield>
    <subfield code="d">2026-04-08</subfield>
    <subfield code="e">DONACION </subfield>
    <subfield code="f">ACCESO B P</subfield>
    <subfield code="l">0</subfield>
    <subfield code="o">793.33 / D342</subfield>
    <subfield code="p">27703</subfield>
    <subfield code="r">2026-04-08 21:49:07</subfield>
    <subfield code="t">EJ. 3</subfield>
    <subfield code="w">2026-04-08</subfield>
    <subfield code="y">GENERAL</subfield>
  </datafield>
  <datafield tag="952" ind1=" " ind2=" ">
    <subfield code="0">0</subfield>
    <subfield code="1">0</subfield>
    <subfield code="2">ddc</subfield>
    <subfield code="4">0</subfield>
    <subfield code="7">0</subfield>
    <subfield code="8">GENERAL</subfield>
    <subfield code="a">BPCEFC</subfield>
    <subfield code="b">BPCEFC</subfield>
    <subfield code="c">ACCESO &#xA8;B&#xA8;PLANTA BAJA </subfield>
    <subfield code="d">2026-04-08</subfield>
    <subfield code="e">DONACION </subfield>
    <subfield code="f">ACCESO B P</subfield>
    <subfield code="l">0</subfield>
    <subfield code="o">793.33 / D342</subfield>
    <subfield code="p">27704</subfield>
    <subfield code="r">2026-04-08 21:52:04</subfield>
    <subfield code="t">EJ. 4</subfield>
    <subfield code="w">2026-04-08</subfield>
    <subfield code="y">GENERAL</subfield>
  </datafield>
  <datafield tag="952" ind1=" " ind2=" ">
    <subfield code="0">0</subfield>
    <subfield code="1">0</subfield>
    <subfield code="2">ddc</subfield>
    <subfield code="4">0</subfield>
    <subfield code="7">0</subfield>
    <subfield code="8">GENERAL</subfield>
    <subfield code="a">BPCEFC</subfield>
    <subfield code="b">BPCEFC</subfield>
    <subfield code="c">ACCESO &#xA8;B&#xA8;PLANTA BAJA </subfield>
    <subfield code="d">2026-04-08</subfield>
    <subfield code="e">DONACION </subfield>
    <subfield code="f">ACCESO B P</subfield>
    <subfield code="l">0</subfield>
    <subfield code="o">793.33 / D342</subfield>
    <subfield code="p">27705</subfield>
    <subfield code="r">2026-04-08 21:52:36</subfield>
    <subfield code="t">EJ. 5</subfield>
    <subfield code="w">2026-04-08</subfield>
    <subfield code="y">GENERAL</subfield>
  </datafield>
  <datafield tag="999" ind1=" " ind2=" ">
    <subfield code="c">68564</subfield>
    <subfield code="d">68564</subfield>
  </datafield>
</record>
